Kehilangan Ubat di Farmasi / (Record no. 203711)

MARC details
000 -LEADER
fixed length control field 01300nam a2200337 ia4500
005 - DATE AND TIME OF LATEST TRANSACTION
control field 20260407152228.0
008 - FIXED-LENGTH DATA ELEMENTS--GENERAL INFORMATION
fixed length control field 260406s2025 my a b 000 1 may d
020 ## - INTERNATIONAL STANDARD BOOK NUMBER
International Standard Book Number 9789670951898
Qualifying information set
International Standard Book Number 9789670951966
Terms of availability RM22.50
Qualifying information paperback
040 ## - CATALOGING SOURCE
Original cataloging agency PPAK
Language of cataloging eng
Transcribing agency PPAK
Description conventions rda
082 04 - DEWEY DECIMAL CLASSIFICATION NUMBER
Edition number 23
Classification number 499.2386
090 00 - LOCALLY ASSIGNED LC-TYPE CALL NUMBER (OCLC); LOCAL CALL NUMBER (RLIN)
Classification number (OCLC) (R) ; Classification number, CALL (RLIN) (NR) 499.2386
Feature heading HAM
Feature heading K
100 0# - MAIN ENTRY--PERSONAL NAME
Personal name Hamdan Mohd Ali,
Relator term author.
Dates associated with a name 1971-
245 10 - TITLE STATEMENT
Title Kehilangan Ubat di Farmasi /
Statement of responsibility, etc. Ditulis oleh Hamdan Mohd Ali ; Ilustrasi oleh Shidah Rahman ; Editor, reka letak & konsep kulit: Azlina Awang
264 #1 - PRODUCTION, PUBLICATION, DISTRIBUTION, MANUFACTURE, AND COPYRIGHT NOTICE
Place of production, publication, distribution, manufacture Kuala Lumpur :
Name of producer, publisher, distributor, manufacturer TIGA ROS TRADING SDN. BHD.,
Date of production, publication, distribution, manufacture, or copyright notice 2025
300 ## - PHYSICAL DESCRIPTION
Extent 24 pages ;
Other physical details colour illustrations ;
Dimensions 24 cm
336 ## - CONTENT TYPE
Content type term text
Source rdacontent
337 ## - MEDIA TYPE
Media type term unmediated
Source rdamedia
338 ## - CARRIER TYPE
Carrier type term volume
Source rdacarrier
490 1# - SERIES STATEMENT
Series statement Siri Mulianya Tugas Paramedik dan Penyelamat
500 ## - GENERAL NOTE
General note Includes questions and exercises.
650 10 - SUBJECT ADDED ENTRY--TOPICAL TERM
Topical term or geographic name entry element Malay language
Form subdivision Readers
Topical term or geographic name entry element Children's stories, Malay
Topical term or geographic name entry element Rescue work
Form subdivision Juvenile fiction
Topical term or geographic name entry element Pharmacists
Form subdivision Juvenile fiction
Topical term or geographic name entry element Picture books for children
700 0# - ADDED ENTRY--PERSONAL NAME
Personal name Shidah Rahman,
Relator term illustrator.
Personal name Azlina Awang,
Relator term editor.
830 #0 - SERIES ADDED ENTRY--UNIFORM TITLE
Uniform title Siri mulianya tugas paramedik dan penyelamat
942 ## - ADDED ENTRY ELEMENTS (KOHA)
Source of classification or shelving scheme Dewey Decimal Classification
Koha item type Book
Holdings
Withdrawn Not for loan Current library Shelving location Date acquired Total Checkouts Full call number Barcode Date last seen Koha item type
    Perpustakaan Alor Setar Pinjaman Kanak-kanak 15/04/2026   K 499.2386 HAM A01906538 15/04/2026 Book
    Perpustakaan Awam Sungai Petani Pinjaman Kanak-kanak 15/04/2026   K 499.2386 HAM A01906539 15/04/2026 Book
    Perpustakaan Baling Pinjaman Kanak-kanak 15/04/2026   K 499.2386 HAM A01906543 15/04/2026 Book
    Perpustakaan Bandar Baharu Pinjaman Kanak-kanak 15/04/2026   K 499.2386 HAM A01906544 15/04/2026 Book
    Perpustakaan Jitra Pinjaman Kanak-kanak 15/04/2026   K 499.2386 HAM A01906540 15/04/2026 Book
    Perpustakaan Kuala Nerang Pinjaman Kanak-kanak 15/04/2026   K 499.2386 HAM A01906548 15/04/2026 Book
    Perpustakaan Kulim Pinjaman Kanak-kanak 15/04/2026   K 499.2386 HAM A01906542 15/04/2026 Book
    Perpustakaan Langkawi Pinjaman Kanak-kanak 15/04/2026   K 499.2386 HAM A01906541 15/04/2026 Book
    Perpustakaan Merbok Pinjaman Kanak-kanak 15/04/2026   K 499.2386 HAM A01906545 15/04/2026 Book
    Perpustakaan Pendang Pinjaman Kanak-kanak 15/04/2026   K 499.2386 HAM A01906549 15/04/2026 Book
    Perpustakaan Sik Pinjaman Kanak-kanak 15/04/2026   K 499.2386 HAM A01906547 15/04/2026 Book
    Perpustakaan Yan Pinjaman Kanak-kanak 15/04/2026   K 499.2386 HAM A01906546 15/04/2026 Book